Marketing cieľového miesta

Tradičné cieľové miesto verzus kvázi-cieľové miesto. Podstata marketingu cieľového miesta a jeho organizačné zabezpečenie. Názory odborníkov na marketing cieľového miesta.

Saved in:
Bibliographic Details
Main Author: Kulla, Daniel
Format: Book Chapter
Language:Slovak
Subjects:
Tags: Add Tag
No Tags, Be the first to tag this record!

MARC

LEADER 00000naa a2200000 4500
001 r037306
005 20230724104921.4
041 0 |a slo 
044 |a SK 
245 1 0 |a Marketing cieľového miesta  |c Daniel Kulla 
520 |a Tradičné cieľové miesto verzus kvázi-cieľové miesto. Podstata marketingu cieľového miesta a jeho organizačné zabezpečenie. Názory odborníkov na marketing cieľového miesta. 
610 2 0 |a ruch cestovný 
610 2 0 |a marketing 
610 2 0 |a pojmy 
610 2 0 |a konkurencia 
100 1 |a Kulla, Daniel